000 00351nam a22001217a 4500
999 _c519298
_d519298
082 _aPKP A72 V212a
100 _aRavi and Vajiram
_930129
245 _aGeneral studies
_bAncient India
_cby Vajiram and Ravi
260 _aNew Delhi
_bVajiram and Ravi
_c2022
300 _a90p.
650 _aGeneral studies
_930130
650 _aIndia - History
_930131